000 01082cam a2200229 4500
001 LT129233
008 050404n1995 000 0 eng u
020 _a0110534727
035 _a(Sirsi) u129233
041 _aeng
050 _a711.14
_c18
245 4 _aThe Acquisition of Land (Rate of Interest after Entry) Regulations 1995
260 _aLondon
_bHMSO
_c1995
490 _aSI
_v1996: 2262
520 _aCame into force 30 December 1995. Set the rate of interest after entry at 0.5% below bank base rate on the reference days of 31 March, 30 June, 30 Sept and 31 December (or next the business days if any of these days are not business days).
590 _aIKA190705
650 _aACQUISITION OF LAND (RATE OF INTEREST AFTER ENTRY) REGULATIONS 1995
650 _aLAND COMPENSATION ACT 1961 S32(1)
690 _aENVIRONMENTAL AND LAND CONSULTANCY-PLANNING AND DEVELOPMENT-COMPULSORY PURCHASE AND COMPENSATION
856 _uhttps://www.legislation.hmso.gov.uk/si/si1995/Uksi_19952262_en_1.htm
_zView the Regulations free of charge at www.hmso.gov.uk...
942 _n0
999 _c104131
_d104131